[Event "4NCL Online Division 2"]
[Site "online"]
[Date "2020.10.20"]
[Round "5.162"]
[White "Jones, Ian Robert"]
[Black "Pollock, Richard M"]
[Result "1-0"]
[WhiteElo "1944"]
[BlackElo "1870"]
[PlyCount "125"]
[EventDate "2020.10.20"]
[WhiteTeam "The Full Ponty"]
[BlackTeam "Plymouth 1"]

1. e4 g6 2. d4 d6 3. c3 Nf6 4. Bd3 e5 5. f4 Nbd7 6. Nf3 Qe7 7. O-O Bg7 8. Na3
O-O 9. fxe5 dxe5 10. Qe2 c6 11. Bg5 Re8 12. Rae1 h6 13. Bh4 b5 14. Nc2 a6 15.
a4 g5 16. Bg3 Nh5 17. axb5 Nxg3 18. hxg3 axb5 19. Ne3 Nf8 20. Bc2 Ra2 21. Bb3
Ra7 22. Nxe5 Bxe5 23. Rxf7 Qxf7 24. Bxf7+ Rxf7 25. dxe5 Rxe5 26. Qc2 Rfe7 27.
Nd1 Nh7 28. Nf2 Nf6 29. Qd3 Rd7 30. Qf3 Rf7 31. Qd1 Rd7 32. Qb3+ Kg7 33. Rd1
Rde7 34. Rd8 Be6 35. Qc2 Bc4 36. b4 Nxe4 37. Nxe4 Rxe4 38. Qf2 Rf7 39. Qc5 Re1+
40. Kh2 Re2 41. Qd4+ Rf6 42. Rd6 Ref2 43. Rxc6 Kg6 44. Qe4+ Kg7 45. Rc7+ Rf7
46. Qe5+ R2f6 47. Rc6 Kg6 48. Qe4+ Kg7 49. Rxc4 bxc4 50. Qxc4 Kf8 51. b5 Ke8
52. Qc8+ Ke7 53. c4 Rf8 54. Qc7+ Ke6 55. c5 Kd5 56. c6 R6f7 57. Qa5 Kc5 58. c7
Kd6 59. b6 Kc6 60. Qa7 Rg7 61. c8=Q+ Rxc8 62. Qxg7 Kxb6 63. Qxh6+ 1-0

[Event "4NCL Online Division 2"]
[Site "online"]
[Date "2020.10.20"]
[Round "5.163"]
[White "Quinn, Martin"]
[Black "Adams, Mark"]
[Result "0-1"]
[WhiteElo "1787"]
[BlackElo "1944"]
[PlyCount "90"]
[EventDate "2020.10.20"]
[WhiteTeam "Plymouth 1"]
[BlackTeam "The Full Ponty"]

1. e4 c5 2. Nf3 a6 3. c4 e6 4. d4 Qc7 5. d5 d6 6. Be2 g6 7. O-O Bg7 8. Nc3 e5
9. h3 Ne7 10. Nh2 O-O 11. Bg4 f5 12. exf5 Nxf5 13. Bxf5 Bxf5 14. g4 Bc8 15. Ne4
Nd7 16. Nf3 Nf6 17. Nfg5 Nxe4 18. Nxe4 b5 19. b3 Bd7 20. Bd2 Rae8 21. Rc1 b4
22. Be3 Bc8 23. Rc2 Qe7 24. Bg5 Qc7 25. f3 h6 26. Be3 Qe7 27. Kg2 Rf7 28. Rcf2
Ref8 29. Rh1 Kh7 30. Qd2 Bd7 31. h4 Bc8 32. Qc2 Kg8 33. g5 h5 34. Qd2 Bf5 35.
Rhf1 Qd7 36. Rh1 Bxe4 37. fxe4 Qg4+ 38. Kf1 Qxe4 39. Rhh2 Rf3 40. Rxf3 Rxf3+
41. Bf2 Qf5 42. Ke2 e4 43. Be3 Qg4 44. Qe1 Rxe3+ 45. Kxe3 Bd4+ 0-1

[Event "4NCL Online Division 2"]
[Site "online"]
[Date "2020.10.20"]
[Round "5.164"]
[White "Hughes, Anthony"]
[Black "Wilby, Robert G"]
[Result "1-0"]
[WhiteElo "1873"]
[BlackElo "1675"]
[PlyCount "69"]
[EventDate "2020.10.20"]
[WhiteTeam "The Full Ponty"]
[BlackTeam "Plymouth 1"]

1. c4 e5 2. Nc3 Nf6 3. g3 Bc5 4. Bg2 d6 5. e3 a6 6. Nge2 Nc6 7. d4 exd4 8. exd4
Bb6 9. O-O O-O 10. Bg5 h6 11. Bxf6 Qxf6 12. Nd5 Qd8 13. Nxb6 cxb6 14. Qd2 Bg4
15. Rfe1 Re8 16. Nf4 a5 17. Nd5 Rxe1+ 18. Rxe1 Be6 19. Ne3 Bd7 20. Nd5 Be6 21.
Ne3 Bc8 22. a3 Ra6 23. Nd5 Kf8 24. Qd3 Kg8 25. Be4 Be6 26. Nf4 Bd7 27. Nd5 Kf8
28. Bf3 Qc8 29. Qh7 f6 30. Qh8+ Kf7 31. Bh5+ g6 32. Qxf6+ Kg8 33. Qxg6+ Kh8 34.
Qxh6+ Kg8 35. Nf6# 1-0

[Event "4NCL Online Division 2"]
[Site "online"]
[Date "2020.11.03"]
[Round "6.11"]
[White "Friedgood, David"]
[Black "Srivastava, Arnav"]
[Result "0-1"]
[WhiteElo "2188"]
[BlackElo "2027"]
[PlyCount "56"]
[EventDate "2020.11.03"]
[WhiteTeam "MK Phoenix 1"]
[BlackTeam "Poisoned Pawns"]

1. c4 e6 2. g3 Nf6 3. Bg2 d5 4. Nf3 Nbd7 5. O-O Be7 6. d4 O-O 7. Qc2 b6 8. Rd1
Bb7 9. b3 Rc8 10. Bb2 c5 11. Nbd2 Qc7 12. cxd5 exd5 13. Rac1 Qb8 14. Qb1 cxd4
15. Nxd4 Bb4 16. a3 Rxc1 17. Qxc1 Rc8 18. Qb1 Bf8 19. b4 Ne5 20. Bh3 Re8 21.
Rc1 Ne4 22. Nxe4 dxe4 23. Qc2 Qd6 24. Qc7 Qd5 25. e3 Nd3 26. Rc2 Qh5 27. Qxb7
Qxh3 28. Qc6 Ne1 0-1

[Event "4NCL Online Division 2"]
[Site "online"]
[Date "2020.11.03"]
[Round "6.12"]
[White "Volovich, Julia"]
[Black "Hunt, Peter"]
[Result "1/2-1/2"]
[WhiteElo "1937"]
[BlackElo "2065"]
[PlyCount "154"]
[EventDate "2020.11.03"]
[WhiteTeam "Poisoned Pawns"]
[BlackTeam "MK Phoenix 1"]

1. d4 d5 2. c4 c5 3. cxd5 Nf6 4. Nc3 Nxd5 5. e4 Nxc3 6. bxc3 e6 7. Bc4 Qa5 8.
Bd2 b5 9. Be2 b4 10. cxb4 cxb4 11. a3 Qb6 12. Bxb4 Bxb4+ 13. axb4 Qxb4+ 14. Qd2
Qxd2+ 15. Kxd2 O-O 16. Nf3 Nd7 17. Rhb1 Nf6 18. e5 Ne4+ 19. Ke3 Nc3 20. Rb3
Nd5+ 21. Kd2 Bd7 22. Rb7 Bc6 23. Rbxa7 Rab8 24. R7a2 Rb4 25. Rc1 Bd7 26. Rc4
Rb6 27. Rc5 Rfb8 28. Rac2 h6 29. Bd3 g6 30. Be4 Ba4 31. Rc8+ Kg7 32. Rxb8 Rxb8
33. Ra2 Nb6 34. Bd3 Bc6 35. Ne1 Bd5 36. Rc2 Ra8 37. Rb2 Rb8 38. Rb4 f5 39. Bf1
g5 40. Kd1 Nd7 41. Rxb8 Nxb8 42. Bb5 Bc6 43. Bxc6 Nxc6 44. Nc2 f4 45. Kd2 Kg6
46. Kd3 Kf5 47. Kc4 Na5+ 48. Kb4 Nc6+ 49. Kc5 Na5 50. Kb4 Nc6+ 51. Kb5 Ne7 52.
Kc5 Nd5 53. Nb4 Nc3 54. f3 Ne2 55. Nc6 g4 56. Ne7+ Kg5 57. fxg4 Kxg4 58. Ng6
Kf5 59. Ne7+ Ke4 60. Nc6 h5 61. Kd6 h4 62. Kxe6 h3 63. gxh3 f3 64. d5 f2 65. d6
f1=Q 66. d7 Qxh3+ 67. Ke7 Nf4 68. d8=Q Qe6+ 69. Kf8 Ng6+ 70. Kg7 Qxc6 71. Qf6
Nxe5 72. Qxc6+ Nxc6 73. h4 Ne7 74. h5 Kf5 75. h6 Ng6 76. h7 Kg5 77. h8=N Nxh8
1/2-1/2

[Event "4NCL Online Division 2"]
[Site "online"]
[Date "2020.11.03"]
[Round "6.13"]
[White "Cox, Toby"]
[Black "Weersing, Abigail Riis"]
[Result "1-0"]
[WhiteElo "2080"]
[BlackElo "1945"]
[PlyCount "157"]
[EventDate "2020.11.03"]
[WhiteTeam "MK Phoenix 1"]
[BlackTeam "Poisoned Pawns"]

1. e4 e6 2. d4 d5 3. Nc3 dxe4 4. Nxe4 Nd7 5. Nf3 Ngf6 6. Bd3 Be7 7. Qe2 O-O 8.
Be3 b6 9. O-O-O Bb7 10. Nfd2 Rc8 11. f3 Nd5 12. h4 c5 13. Kb1 cxd4 14. Bxd4 Nf4
15. Qe3 e5 16. Ng5 Nf6 17. Bxe5 Nxd3 18. Qxd3 Qxd3 19. cxd3 Rfd8 20. Nde4 Nd5
21. Bg3 Ne3 22. Rde1 Nf5 23. Bf2 Rxd3 24. Rc1 Rdd8 25. g4 Nd6 26. Bg3 Nxe4 27.
Nxe4 Bxe4+ 28. fxe4 Bf6 29. Rhd1 g6 30. Rxc8 Rxc8 31. h5 Bg5 32. a3 Rc4 33. Rd5
h6 34. Re5 gxh5 35. Re8+ Kg7 36. gxh5 Rc1+ 37. Ka2 Rh1 38. Be5+ Bf6 39. Bxf6+
Kxf6 40. e5+ Kf5 41. Re7 Rxh5 42. Rxf7+ Kxe5 43. Rxa7 Kd6 44. Rb7 Kc6 45. Rh7
Rh1 46. Kb3 h5 47. Kc4 h4 48. Rh6+ Kc7 49. Kb5 h3 50. Rh7+ Kc8 51. Kxb6 h2 52.
b4 Ra1 53. Rh8+ Kd7 54. Rxh2 Rxa3 55. b5 Kc8 56. Rh8+ Kd7 57. Kb7 Rc3 58. b6
Rb3 59. Rh7+ Kd6 60. Rc7 Rb2 61. Rc1 Rb3 62. Ka7 Ra3+ 63. Kb8 Rb3 64. b7 Rh3
65. Rc4 Rh2 66. Ka7 Ra2+ 67. Kb6 Rb2+ 68. Ka6 Ra2+ 69. Kb6 Rb2+ 70. Ka7 Ra2+
71. Kb8 Rh2 72. Ra4 Rh8+ 73. Ka7 Rh7 74. Kb6 Rh8 75. Rd4+ Ke5 76. Rc4 Rh6+ 77.
Rc6 Rh8 78. Rc8 Rh6+ 79. Kc5 1-0

[Event "4NCL Online Division 2"]
[Site "online"]
[Date "2020.11.03"]
[Round "6.14"]
[White "Zheng, Harry Z"]
[Black "Brown, Alan M"]
[Result "1/2-1/2"]
[WhiteElo "1915"]
[BlackElo "2008"]
[PlyCount "103"]
[EventDate "2020.11.03"]
[WhiteTeam "Poisoned Pawns"]
[BlackTeam "MK Phoenix 1"]

1. e4 e5 2. Nf3 Nc6 3. Bc4 Bc5 4. c3 Qe7 5. O-O Nf6 6. d3 d6 7. Nbd2 h6 8. h3
Bd7 9. Bb3 O-O-O 10. Bc2 g5 11. b4 Bb6 12. a4 a6 13. b5 Nb8 14. Nc4 Bc5 15.
bxa6 Nxa6 16. Rb1 g4 17. Ne1 gxh3 18. g3 Rhg8 19. Be3 Bxe3 20. Nxe3 Ng4 21.
Nxg4 Bxg4 22. Qc1 Be2 23. Qb2 c6 24. d4 Bxf1 25. Kxf1 Qc7 26. Bd3 Nb8 27. a5
Rg6 28. Qa2 Na6 29. Bxa6 bxa6 30. Qc4 Rd7 31. Rb6 d5 32. Qxa6+ Kd8 33. exd5
cxd5 34. Rxg6 fxg6 35. Qf6+ Kc8 36. Qf8+ Rd8 37. Qxh6 exd4 38. Qxh3+ Kb7 39.
cxd4 Qxa5 40. Qh7+ Qc7 41. Qxg6 Qc4+ 42. Kg2 Qxd4 43. Qb1+ Kc7 44. Qc2+ Qc4 45.
Qh7+ Rd7 46. Qd3 Re7 47. Qa3 Qe4+ 48. Nf3 Rd7 49. Qc5+ Kb8 50. Qb6+ Kc8 51.
Qa6+ Kd8 52. Qb6+ 1/2-1/2

[Event "4NCL Online Division 2"]
[Site "online"]
[Date "2020.11.03"]
[Round "6.21"]
[White "Pyda, Arjun"]
[Black "Fraser-Mitchell, Jeremy N"]
[Result "1-0"]
[WhiteElo "1712"]
[BlackElo "2058"]
[PlyCount "87"]
[EventDate "2020.11.03"]
[WhiteTeam "Warwick University B"]
[BlackTeam "St Albans 1"]

1. e4 e6 2. d4 a6 3. Nf3 b5 4. c3 Bb7 5. Bd3 c5 6. O-O Nf6 7. Bg5 Qb6 8. Nbd2
cxd4 9. cxd4 Nc6 10. Be3 Nb4 11. Bb1 Ng4 12. a3 Nc6 13. Qe2 Nxe3 14. fxe3 Rc8
15. Bd3 Be7 16. Rac1 O-O 17. Kh1 b4 18. Nc4 Qa7 19. d5 Nb8 20. d6 Bd8 21. axb4
Nc6 22. Nce5 Nxb4 23. Nxd7 Nxd3 24. Qxd3 Bxe4 25. Qxe4 Qxd7 26. Rxc8 Qxc8 27.
Ne5 Bf6 28. Rd1 Rd8 29. h3 Bxe5 30. Qxe5 f6 31. Qa5 Rd7 32. Qa2 Kf7 33. Qa3 Qc6
34. Qd3 g6 35. e4 Qb5 36. Qc2 Qb6 37. Qd2 Kg7 38. e5 fxe5 39. Qc3 Qb5 40. b4 h6
41. Qc5 g5 42. Re1 Kf6 43. Kg1 Qd3 44. Qxe5+ 1-0

[Event "4NCL Online Division 2"]
[Site "online"]
[Date "2020.11.03"]
[Round "6.22"]
[White "Ellis, Aidan B"]
[Black "Behler, Paul"]
[Result "1-0"]
[WhiteElo "1960"]
[BlackElo "1780"]
[PlyCount "75"]
[EventDate "2020.11.03"]
[WhiteTeam "St Albans 1"]
[BlackTeam "Warwick University B"]

1. e4 e6 2. d4 d5 3. Nc3 Bb4 4. e5 c5 5. Bd2 Ne7 6. f4 cxd4 7. Nb5 Bc5 8. b4 a6
9. bxc5 axb5 10. Bxb5+ Bd7 11. Bd3 Na6 12. Qg4 Nxc5 13. Qxg7 Rg8 14. Qxh7 Rxg2
15. Kf1 Rg8 16. Nf3 Qb6 17. Rg1 Rxg1+ 18. Kxg1 O-O-O 19. Qxf7 Qb2 20. Rd1 Nc6
21. f5 Nxd3 22. cxd3 Qc2 23. Rc1 Qxd3 24. fxe6 Be8 25. Qf4 Kb8 26. e7 Nxe7 27.
e6+ Ka7 28. Nxd4 Bh5 29. Be3 Ka6 30. h4 Rf8 31. Nf5 Rg8+ 32. Kh2 Qe2+ 33. Bf2
d4 34. Qxd4 Rg2+ 35. Kxg2 Qf3+ 36. Kg1 Ka5 37. Qc5+ Ka4 38. Rc4# 1-0

[Event "4NCL Online Division 2"]
[Site "online"]
[Date "2020.11.03"]
[Round "6.23"]
[White "Sajanani, Vikas"]
[Black "Freeman, Jon A"]
[Result "1/2-1/2"]
[WhiteElo "1652"]
[BlackElo "1945"]
[PlyCount "106"]
[EventDate "2020.11.03"]
[WhiteTeam "Warwick University B"]
[BlackTeam "St Albans 1"]

1. e4 c5 2. Nf3 d6 3. c3 Nf6 4. d3 g6 5. Bg5 Bg7 6. Qd2 Nc6 7. Be2 Bg4 8. h3
Bxf3 9. Bxf3 Qc7 10. O-O O-O 11. Be2 Rfe8 12. f4 Nd7 13. f5 Nce5 14. d4 cxd4
15. cxd4 Nc6 16. Be3 e5 17. fxe6 fxe6 18. Nc3 a6 19. Rac1 Qb6 20. Rfd1 Qa5 21.
a3 Rac8 22. b4 Qd8 23. d5 Bxc3 24. Qxc3 exd5 25. Rxd5 Nde5 26. Qb3 Kh8 27. Rcd1
Qh4 28. b5 axb5 29. Bxb5 Qg3 30. Be2 Rf8 31. Qb6 Nf3+ 32. Bxf3 Rxf3 33. Bf2 Qf4
34. gxf3 Ne5 35. Qxd6 Nxf3+ 36. Kg2 Nh4+ 37. Bxh4 Qxh4 38. Qe5+ Kg8 39. Rd8+
Rxd8 40. Rxd8+ Qxd8 41. Qd5+ Qxd5 42. exd5 Kf7 43. Kf3 Ke7 44. Kf4 Kd6 45. Kg5
Kxd5 46. Kh6 Kc4 47. Kxh7 Kb3 48. Kxg6 Kxa3 49. h4 b5 50. h5 b4 51. h6 b3 52.
h7 b2 53. h8=Q b1=Q+ 1/2-1/2

[Event "4NCL Online Division 2"]
[Site "online"]
[Date "2020.11.03"]
[Round "6.24"]
[White "Gemmell, John"]
[Black "Fakhoury, Ziad Oussma"]
[Result "1-0"]
[WhiteElo "1922"]
[BlackElo "1247"]
[PlyCount "43"]
[EventDate "2020.11.03"]
[WhiteTeam "St Albans 1"]
[BlackTeam "Warwick University B"]

1. d4 c5 2. dxc5 e6 3. c4 Bxc5 4. Qc2 Nc6 5. Nf3 Nge7 6. a3 a5 7. Nc3 d5 8. Bf4
O-O 9. e3 Bd7 10. Rd1 Ng6 11. cxd5 Nb4 12. axb4 axb4 13. Ne4 Nxf4 14. exf4 Be7
15. dxe6 fxe6 16. Neg5 Rf5 17. Bc4 Qa5 18. Bb3 Bc6 19. Bxe6+ Kh8 20. Qxf5 Qxf5
21. Bxf5 Bb5 22. Bd3 1-0

[Event "4NCL Online Division 2"]
[Site "online"]
[Date "2020.11.03"]
[Round "6.31"]
[White "Garcia, Jason"]
[Black "Pert, Richard G"]
[Result "1/2-1/2"]
[WhiteElo "2028"]
[BlackElo "2515"]
[PlyCount "102"]
[EventDate "2020.11.03"]
[WhiteTeam "White Knights"]
[BlackTeam "Brentwood A"]

1. Nf3 d5 2. c4 e6 3. g3 dxc4 4. Qa4+ Nd7 5. Bg2 a6 6. Qxc4 b5 7. Qc2 Bb7 8. a4
Ngf6 9. axb5 axb5 10. Rxa8 Bxa8 11. O-O Be7 12. Na3 Qb8 13. d3 O-O 14. Bd2 c5
15. Rc1 Rc8 16. Qb3 Bc6 17. Ne1 Nd5 18. Nec2 h6 19. e4 N5f6 20. Ne3 Qb7 21. Qd1
Rd8 22. Ba5 Ra8 23. Be1 Nb6 24. f4 Na4 25. Qe2 Qd7 26. Bf2 Bf8 27. g4 c4 28.
dxc4 b4 29. Nb5 Nxe4 30. Rd1 Qc8 31. Be1 Bc5 32. Nd4 Bb7 33. Qc2 Nd6 34. b3
Bxg2 35. Kxg2 Qb7+ 36. Kh3 Nc3 37. Bxc3 bxc3 38. Qg2 Qxg2+ 39. Kxg2 Ra2+ 40.
Kf3 Rxh2 41. Ndc2 f5 42. b4 Bxe3 43. Nxe3 Ne4 44. gxf5 exf5 45. Nxf5 c2 46. Rc1
Nd2+ 47. Kg3 Re2 48. Nd4 Re3+ 49. Kf2 Re4 50. Nxc2 Rxc4 51. Ke3 Ne4 1/2-1/2

[Event "4NCL Online Division 2"]
[Site "online"]
[Date "2020.11.03"]
[Round "6.32"]
[White "Siddharth, Jagadeesh"]
[Black "Young, Alan"]
[Result "1/2-1/2"]
[WhiteElo "2447"]
[BlackElo "2092"]
[PlyCount "51"]
[EventDate "2020.11.03"]
[WhiteTeam "Brentwood A"]
[BlackTeam "White Knights"]

1. e4 e5 2. Nf3 Nc6 3. Bc4 Nf6 4. d3 Be7 5. O-O O-O 6. Re1 d6 7. a4 Be6 8. Bxe6
fxe6 9. c3 Nh5 10. b4 Qe8 11. b5 Nd8 12. d4 Qg6 13. dxe5 Nf7 14. Be3 Nxe5 15.
Nxe5 dxe5 16. Nd2 Rad8 17. Qe2 Bg5 18. Rad1 Bxe3 19. fxe3 Nf6 20. Qc4 Ng4 21.
Nf1 Nf2 22. Rxd8 Nh3+ 23. Kh1 Nf2+ 24. Kg1 Nh3+ 25. Kh1 Nf2+ 26. Kg1 1/2-1/2

[Event "4NCL Online Division 2"]
[Site "online"]
[Date "2020.11.03"]
[Round "6.33"]
[White "May, Adam J"]
[Black "Bowden, Karl"]
[Result "0-1"]
[WhiteElo "1950"]
[BlackElo "2348"]
[PlyCount "102"]
[EventDate "2020.11.03"]
[WhiteTeam "White Knights"]
[BlackTeam "Brentwood A"]

1. d4 Nf6 2. Nf3 g6 3. g3 Bg7 4. Bg2 O-O 5. O-O b5 6. b3 Bb7 7. Bb2 d6 8. c4
bxc4 9. bxc4 Nbd7 10. Nbd2 Rb8 11. Qc2 Re8 12. Rfd1 e5 13. dxe5 Ng4 14. Rab1
Bxf3 15. exf3 Ngxe5 16. f4 Ng4 17. Bxg7 Rxb1 18. Rxb1 Kxg7 19. Nb3 h5 20. Rd1
Qe7 21. Bc6 Rd8 22. Nd4 Nc5 23. f5 a6 24. Nf3 Qf6 25. h3 Ne5 26. Nxe5 Qxe5 27.
fxg6 fxg6 28. Qd2 Rf8 29. Qd4 Qxd4 30. Rxd4 Rb8 31. Rd2 Rb4 32. Bd5 a5 33. Kg2
a4 34. Re2 Kf8 35. Re3 Rb2 36. Rf3+ Ke7 37. Rf7+ Ke8 38. a3 c6 39. Rf6 cxd5 40.
cxd5 Nd3 41. Rxg6 Rxf2+ 42. Kg1 Ra2 43. Rxd6 Rxa3 44. g4 hxg4 45. hxg4 Ra1+ 46.
Kg2 a3 47. g5 a2 48. Ra6 Nb4 49. Ra8+ Kf7 50. Ra7+ Kg6 51. d6 Rd1 0-1

[Event "4NCL Online Division 2"]
[Site "online"]
[Date "2020.11.03"]
[Round "6.34"]
[White "White, Russell P"]
[Black "Miga, Tomasz"]
[Result "1-0"]
[WhiteElo "2185"]
[BlackElo "1737"]
[PlyCount "95"]
[EventDate "2020.11.03"]
[WhiteTeam "Brentwood A"]
[BlackTeam "White Knights"]

1. e4 c5 2. d4 cxd4 3. c3 g6 4. Nf3 Bg7 5. cxd4 d5 6. e5 Bg4 7. Qb3 Bxf3 8.
Qxb7 Nd7 9. gxf3 e6 10. Bb5 Rc8 11. Nc3 Rc7 12. Bxd7+ Qxd7 13. Qb8+ Rc8 14. Qb4
Ne7 15. Bg5 Nc6 16. Qa4 O-O 17. Be3 f6 18. f4 Qb7 19. Rb1 Nb4 20. O-O Rc4 21.
Qd1 Nc6 22. Ne2 fxe5 23. fxe5 Ne7 24. b3 Rcc8 25. Nf4 Qd7 26. Qg4 Rf5 27. Rbc1
Rcf8 28. Rc3 Bh6 29. Ng2 Bxe3 30. Rxe3 h6 31. Rg3 Kh7 32. h4 h5 33. Qe2 Nc6 34.
Qd2 Qe7 35. Rc3 Qb4 36. Rd3 Qxd2 37. Rxd2 g5 38. Rc1 Nd8 39. Rc7+ R8f7 40. Rdc2
Kg6 41. Rc8 Rd7 42. R2c7 Rff7 43. Rxd7 Rxd7 44. hxg5 Kxg5 45. f3 Kf5 46. Kf2
Nf7 47. Kg3 Ng5 48. Nh4# 1-0

[Event "4NCL Online Division 2"]
[Site "online"]
[Date "2020.11.03"]
[Round "6.41"]
[White "Chopra, Tanmay"]
[Black "Whyte, Brian G"]
[Result "1-0"]
[WhiteElo "2273"]
[BlackElo "2048"]
[PlyCount "81"]
[EventDate "2020.11.03"]
[WhiteTeam "Harrow 1"]
[BlackTeam "Malpas & Oswestry Friends"]

1. e4 e5 2. Nf3 Nc6 3. Bb5 a6 4. Ba4 Nf6 5. O-O Bc5 6. Bxc6 dxc6 7. d3 Bg4 8.
Nbd2 Qe7 9. c3 h6 10. b4 Ba7 11. Nc4 Nd7 12. a4 Qf6 13. Ne3 h5 14. h3 Be6 15.
Nc4 Bxc4 16. dxc4 Nf8 17. h4 Ne6 18. c5 b6 19. cxb6 Bxb6 20. a5 Ba7 21. Qa4 Nd8
22. Bb2 Qe6 23. c4 Qxc4 24. Nxe5 Qb5 25. Qxb5 cxb5 26. Rfc1 Ne6 27. Nc6 O-O 28.
Rd1 Nd8 29. Ne7+ Kh7 30. Rac1 Ne6 31. Nc6 Nd8 32. Rd7 Nxc6 33. Rxc6 Rad8 34.
Rcxc7 Bb8 35. Rb7 Kg6 36. Bd4 Rxd7 37. Rxd7 Rc8 38. Bc5 Be5 39. g3 Kf6 40. f4
Bb2 41. Rd6+ 1-0

[Event "4NCL Online Division 2"]
[Site "online"]
[Date "2020.11.03"]
[Round "6.42"]
[White "Altinsoy, Mehmet Nuri"]
[Black "Nettleton, Charlie B"]
[Result "0-1"]
[WhiteElo "2018"]
[BlackElo "2008"]
[PlyCount "46"]
[EventDate "2020.11.03"]
[WhiteTeam "Malpas & Oswestry Friends"]
[BlackTeam "Harrow 1"]

1. d4 f5 2. Nc3 Nf6 3. Bg5 d5 4. Bxf6 exf6 5. e3 c6 6. Bd3 Bd6 7. Qf3 g6 8. h3
O-O 9. g4 fxg4 10. hxg4 f5 11. Qh3 Qe7 12. gxf5 Bxf5 13. Bxf5 Rxf5 14. Nf3 Nd7
15. O-O-O Raf8 16. Nh4 Rh5 17. f4 Re8 18. Rde1 Nf6 19. Qf3 Bb4 20. Ng2 Rxh1 21.
Rxh1 Bxc3 22. bxc3 Qa3+ 23. Kd1 Qxc3 0-1

[Event "4NCL Online Division 2"]
[Site "online"]
[Date "2020.11.03"]
[Round "6.43"]
[White "Chan, Nevil"]
[Black "McMahon, Timothy P"]
[Result "1/2-1/2"]
[WhiteElo "2010"]
[BlackElo "1997"]
[PlyCount "67"]
[EventDate "2020.11.03"]
[WhiteTeam "Harrow 1"]
[BlackTeam "Malpas & Oswestry Friends"]

1. d4 Nf6 2. Nc3 d5 3. Bg5 h6 4. Bxf6 exf6 5. e3 Bb4 6. a3 Bxc3+ 7. bxc3 Be6 8.
g3 Nd7 9. Bg2 c6 10. Ne2 O-O 11. O-O Nb6 12. Qd3 Qd7 13. Rfb1 Rfe8 14. Nf4 Bf5
15. Qd1 Bg4 16. Qe1 Nc4 17. Nd3 b6 18. Nb2 Nd6 19. a4 Rac8 20. a5 Re7 21. axb6
axb6 22. Nd3 Nc4 23. Nb2 Nd6 24. Nd3 Nc4 25. Nb2 b5 26. Nxc4 bxc4 27. Rb2 Qf5
28. Qd2 Bf3 29. h3 Bxg2 30. Kxg2 Qe4+ 31. Kh2 Qf5 32. Kg2 Qe4+ 33. Kh2 Qf5 34.
Kg2 1/2-1/2

[Event "4NCL Online Division 2"]
[Site "online"]
[Date "2020.11.03"]
[Round "6.44"]
[White "Taylor, Robert K"]
[Black "Chopra, Manmay"]
[Result "0-1"]
[WhiteElo "1960"]
[BlackElo "1610"]
[PlyCount "82"]
[EventDate "2020.11.03"]
[WhiteTeam "Malpas & Oswestry Friends"]
[BlackTeam "Harrow 1"]

1. e4 e6 2. d4 d5 3. Nc3 Nf6 4. e5 Nfd7 5. Nf3 c5 6. dxc5 Bxc5 7. Bd3 Nc6 8.
Bf4 f6 9. exf6 Nxf6 10. Qe2 O-O 11. O-O-O a6 12. Ne5 Nxe5 13. Bxe5 b5 14. g4
Nd7 15. Bd6 Re8 16. Bg3 Bb7 17. Rhf1 g6 18. f4 Qf6 19. Rde1 Bd4 20. Nd1 Nc5 21.
Kb1 Na4 22. c3 Bc5 23. Bf2 Bd6 24. Bd4 Qf7 25. Bc2 Nc5 26. Be5 Bxe5 27. Qxe5
Qg7 28. Qd6 Ne4 29. Bxe4 dxe4 30. Ne3 Rad8 31. Qb6 Rd2 32. g5 Qe7 33. Ng4 Red8
34. Qe3 R8d3 35. Nf6+ Kg7 36. Qa7 e3 37. Rxe3 Rd1+ 38. Kc2 R3d2+ 39. Kb3 Bd5+
40. Nxd5 Qxa7 41. Rxd1 Rxd1 0-1

[Event "4NCL Online Division 2"]
[Site "online"]
[Date "2020.11.03"]
[Round "6.51"]
[White "Meadows, Michael"]
[Black "Carmichael, Ned"]
[Result "0-1"]
[WhiteElo "2035"]
[BlackElo "1832"]
[PlyCount "76"]
[EventDate "2020.11.03"]
[WhiteTeam "Downend 1"]
[BlackTeam "Hull & Beverley Romans 2"]

1. e4 c5 2. Nf3 e6 3. d4 cxd4 4. Nxd4 Nc6 5. Nc3 Qc7 6. Be3 a6 7. Qd2 Nf6 8. f4
Bb4 9. Bd3 Ng4 10. Bg1 O-O 11. h3 Nf6 12. g4 Bxc3 13. bxc3 e5 14. fxe5 Nxe5 15.
g5 Nh5 16. Bh2 g6 17. Be2 Ng7 18. h4 d6 19. Rd1 Be6 20. a3 Rac8 21. Nxe6 Nxe6
22. O-O Qxc3 23. Qxc3 Rxc3 24. Rxd6 Rxc2 25. Bd1 Rc5 26. Bb3 Nc4 27. Rd7 Rcc8
28. Rxb7 Na5 29. Bxe6 Nxb7 30. Bxc8 Rxc8 31. Rb1 Nd8 32. Rb6 Ne6 33. Rxa6 Nc5
34. Rb6 Nxe4 35. Be5 Nc5 36. Kf2 Nd3+ 37. Ke3 Nxe5 38. a4 Nc4+ 0-1

[Event "4NCL Online Division 2"]
[Site "online"]
[Date "2020.11.03"]
[Round "6.52"]
[White "Crow, Stephen"]
[Black "Conterno, Dominique"]
[Result "1/2-1/2"]
[WhiteElo "1802"]
[BlackElo "1885"]
[PlyCount "123"]
[EventDate "2020.11.03"]
[WhiteTeam "Hull & Beverley Romans 2"]
[BlackTeam "Downend 1"]

1. f4 d5 2. Nf3 g6 3. g3 Bg7 4. Bg2 c5 5. d3 Nc6 6. c3 Nf6 7. Na3 O-O 8. O-O b6
9. Qc2 Bb7 10. e4 d4 11. Nc4 b5 12. Nce5 Nxe5 13. fxe5 Ng4 14. cxd4 cxd4 15.
Qc5 Rc8 16. Qxb5 Bc6 17. Qb3 Nxe5 18. Nxe5 Bxe5 19. Bh6 Bg7 20. Bxg7 Kxg7 21.
Rac1 e5 22. Bh3 Bd7 23. Bxd7 Qxd7 24. a4 f5 25. exf5 gxf5 26. Qd1 Rxc1 27. Qxc1
h6 28. Qc5 Re8 29. b4 e4 30. Rxf5 exd3 31. Rd5 Re1+ 32. Kg2 Re2+ 33. Kf3 Qf7+
34. Rf5 Qb7+ 35. Qd5 Re3+ 36. Kf4 Qc7+ 37. Kg4 Qe7 38. Kh3 Re4 39. Rf3 Qe8 40.
Qf5 d2 41. Rd3 Qg6 42. Qxg6+ Kxg6 43. Rxd2 Kf5 44. Kg2 Ke5 45. Kf2 d3 46. Rxd3
Rxb4 47. Re3+ Kf5 48. h3 Rxa4 49. g4+ Kf6 50. Kg3 a5 51. Kh4 Rb4 52. Kh5 Rb8
53. Rf3+ Kg7 54. Rf4 Ra8 55. Ra4 Ra6 56. h4 Kh7 57. g5 hxg5 58. hxg5 Kg7 59. g6
Rxg6 60. Rxa5 Rg1 61. Rg5+ Rxg5+ 62. Kxg5 1/2-1/2

[Event "4NCL Online Division 2"]
[Site "online"]
[Date "2020.11.03"]
[Round "6.53"]
[White "Williams, Stephen M"]
[Black "Farley, Zak"]
[Result "0-1"]
[WhiteElo "1885"]
[BlackElo "1765"]
[PlyCount "78"]
[EventDate "2020.11.03"]
[WhiteTeam "Downend 1"]
[BlackTeam "Hull & Beverley Romans 2"]

1. d4 Nf6 2. Nf3 c5 3. d5 e6 4. c4 exd5 5. cxd5 d6 6. Nc3 g6 7. e4 Bg7 8. Bb5+
Nbd7 9. O-O O-O 10. Nd2 a6 11. Be2 b5 12. a4 b4 13. Ncb1 Re8 14. f3 Ne5 15. a5
Bd7 16. Nc4 Nxc4 17. Bxc4 Bb5 18. Qd3 Qd7 19. Nd2 Nh5 20. Nb3 f5 21. Ra2 fxe4
22. fxe4 Re5 23. Be3 Rae8 24. Nd2 Nf6 25. Bxb5 axb5 26. Bf4 R5e7 27. Re1 c4 28.
Qg3 Nh5 29. Qe3 Nxf4 30. Qxf4 Bd4+ 31. Kh1 Rf7 32. Qh6 b3 33. Raa1 Bxb2 34. a6
Bxa1 35. Rxa1 b2 36. Rb1 c3 37. Nf3 Ref8 38. Qe3 Qc7 39. a7 c2 0-1

[Event "4NCL Online Division 2"]
[Site "online"]
[Date "2020.11.03"]
[Round "6.54"]
[White "Johnstone, J Gerry"]
[Black "Tipper, David I"]
[Result "1/2-1/2"]
[WhiteElo "1607"]
[BlackElo "1780"]
[PlyCount "143"]
[EventDate "2020.11.03"]
[WhiteTeam "Hull & Beverley Romans 2"]
[BlackTeam "Downend 1"]

1. e4 e5 2. Nf3 Nc6 3. Bc4 Nf6 4. d3 Bc5 5. c3 a6 6. O-O Ba7 7. Nbd2 O-O 8. h3
d6 9. Bb3 h6 10. Re1 Re8 11. Nf1 Be6 12. Bc2 Ne7 13. Ng3 Ng6 14. d4 c6 15. Be3
Qc7 16. Qd2 Kh7 17. Rad1 Rad8 18. Qe2 b5 19. b3 Bc8 20. Bc1 c5 21. a4 bxa4 22.
bxa4 Qa5 23. Qc4 Be6 24. d5 Bc8 25. Qb3 Qc7 26. c4 Bd7 27. Qc3 Rb8 28. Ba3 Bb6
29. Qd3 Ba5 30. Re3 Nf4 31. Qf1 Bb4 32. Bc1 Qa5 33. Nf5 Rb6 34. Bd2 Reb8 35.
Bxb4 Qxb4 36. Rb3 Qa5 37. Rxb6 Qxb6 38. Rb1 Qc7 39. Rxb8 Qxb8 40. Qb1 Qxb1+ 41.
Bxb1 Ne8 42. a5 Ne2+ 43. Kf1 Nc3 44. Bc2 g6 45. Ne7 Nf6 46. Nc6 Bxc6 47. dxc6
Ne8 48. Nd2 Kg7 49. Nb1 Na2 50. Ba4 Nb4 51. Nc3 Nc7 52. Nd5 Nbxd5 53. cxd5 f5
54. f3 Kf6 55. Ke2 f4 56. Kf2 Ke7 57. g3 fxg3+ 58. Kxg3 Kf6 59. Bd1 Kg5 60. Be2
h5 61. h4+ Kf6 62. f4 exf4+ 63. Kxf4 Kf7 64. Kg5 Kg7 65. Bf1 Kf7 66. Bh3 Nb5
67. Be6+ Kg7 68. Bc8 Nc7 69. Bh3 c4 70. Bf1 c3 71. Bd3 Kf7 72. Bc2 1/2-1/2